Регионална библиотека "Любен Каравелов" - Русе

Пътека през огън и лед (Запис номер 327474)

MARC детайли
000 -Лидер
Контролно поле с фиксирана дължина nam a22 a 4500
003 - Код на организацията, давaща контролен номер
Контролно поле BLK
005 - Дата и час на последна редакция
Контролно поле 20210602133948.0
008 - Елементи от данни с фиксирана дължина
fixed length control field 181210b bu ||||| |||| 00| 0 bu d
020 ## - Международен стандартен номер на книга ISBN
Международен стандартен номер на книга ISBN 978-619-7300-54-3
040 ## - Източник на каталожния запис
Идентификатор на билиотеката - собственик на записа BLK
041 ## - Код за език
Код за езика на текст/звукозапис или на отделно заглавие Български
Код за езика КДБФ Български
080 ## - УДК
Текстов определител УДК Българска литература
УДК код - определител по УДК 821.163.2
100 1# - Редна дума - Автор
R(LIN) 45392
Автор Ванев, Петър
Авторска отговорност първи автор
139 ## - Редно поле
Редна дума Ванев, Петър
Авторски знак Ван - В 19
245 ## - Сведения за заглавието
Заглавие Пътека през огън и лед
Подзаглавни данни 6 000 стъпки по Тихоокеанския хребетен път от Мексико до Канада
Редно поле (дума) Петър Ванев
260 ## - Област на издателските данни
9 (RLIN) 214255
Място на издаване, разпространение и проч. София
Име на издателя, разпространителя и проч. Вакон
Година на издаване 2018
Издателство - префикс ISBN 978-619-7300-
300 ## - Физическа характеристика
Страници 384 с.
Размери/Мащаб 20 см
380 ## - Жанр
Жанр Худож. лит.
852 ## - Местоположение
Фондова буква Заемна - подръчен фонд
Систематично-азбучна сигнатура П 886.7/В 19
Форматна сигнатура Цб 295448
999 ## - СИСТЕМНИ КОНТРОЛНИ НОМЕРА
Koha biblionumber 327474
Koha biblioitemnumber 327474
942 ## - АРТИКУЛИ
Скрит в OPAC Не
Вид на библиотечния материал Книги
Koha issues (borrowed), all copies 21
999 ## - СИСТЕМНИ КОНТРОЛНИ НОМЕРА
Koha biblioitemnumber 327474
Наличности
Код за отписване Код за изгубен артикул Източник на класификационната схема Код за повреда Коз за рестрикции Код за отдаване Артикулен № Име на библиотеката - собственик Име на библиотеката, в която се намира в момента Статус (Текущо местоположение) Дата на вписване в системата Местоположение - отдел Цена в лева Инвентарен номер Систематично азбучна сигнатура Баркод Цена в евро Служебен тип на артикула Бележка за публиката
  Не е изгубен Universal Decimal Classification Не е повреден без рестрикции заемане за дома 686574 Регионална библиотека "Любен Каравелов" Русе Регионална библиотека "Любен Каравелов" Русе Заемна - подръчен фонд 2018-12-13 Заемна - подръчен фонд 18.00 120000828466 П 886.7-992/В 19 120000828466 9.20 Книги  
  Не е изгубен Universal Decimal Classification Не е повреден без рестрикции ползва се в читалня 686575 Регионална библиотека "Любен Каравелов" Русе Регионална библиотека "Любен Каравелов" Русе Хранилище 2018-12-13 Основен фонд - ползва се само за читалня 18.00 120000828464 Цб 295448 120000828464 9.20 Книги Автограф : Петър Ванев
  Не е изгубен Universal Decimal Classification Не е повреден без рестрикции заемане за дома 686576 Регионална библиотека "Любен Каравелов" Русе Регионална библиотека "Любен Каравелов" Русе Заемна - подръчен фонд 2018-12-13 Заемна - подръчен фонд 18.00 120000828465 П 886.7-992/В 19 120000828465 9.20 Книги  
  Не е изгубен Universal Decimal Classification Не е повреден без рестрикции ползва се в читалня 729586 Регионална библиотека "Любен Каравелов" Русе Регионална библиотека "Любен Каравелов" Русе Хранилище 2019-07-10 Основен фонд - ползва се само за читалня 18.00   Цб 295448 120000833569 9.20 Книги  
  Не е изгубен Universal Decimal Classification Не е повреден само за читалня ползва се в читалня 846598 Регионална библиотека "Любен Каравелов" Русе Регионална библиотека "Любен Каравелов" Русе Хранилище 2021-08-04 Хранилище 18.00   Цб 308783 120000859041 9.20 Книги  
Vip Innovations Ltd, Rousse, Bulgaria 2025